000 01147nam a2200229 a 4500
008 120416s1997 ||||||||||||||||| || u
020 _a8170226716
050 _aSD 431 For
100 _aMohapatra, P. M
245 1 0 _aForest management in tribal areas
_cedited by P. M. Mohapatra
246 _aforest policy and people's participation...
260 _aNew Delhi
_bConcept Publishing Company
_c1997
300 _a189 p.
350 _a0.00
650 _aForest policy - Economic aspects - India - Orissa - Congresses
650 _aTRIBES--INDIA--ORISSA--ECONOMIC CONDITIONS--CONGRESSES
650 _aFOREST POLICY--CONGRESSES
700 _aMohapatra, P. C. Dr
995 _aANNEX COLLECTION (Main Library)
_D0.00
_e732086
_FCBU-MAIN LIBRARY (Kitwe)
_H2
_I20.00
_jSD 431 For
_M1
_UAVAILABLE
_y029535
_ZAnnex Low-Usage Collection
995 _aANNEX COLLECTION (Main Library)
_D0.00
_e732085
_FCBU-MAIN LIBRARY (Kitwe)
_H3
_I20.00
_jSD 431 For
_M3
_UAVAILABLE
_y029534
_ZAnnex Low-Usage Collection
995 _aMAIN LIBRARY OPEN ACCESS
_D0.00
_e732085
_FCBU-MAIN LIBRARY (Kitwe)
_H1
_I20.00
_jSD 431 For
_M2
_UAVAILABLE
_y029536
_ZMain Library Open Access Collection
999 _c63230
_d63230